000 00573nam a22001937a 4500
005 20251108175026.0
008 250721s2011 xx 000 0 ara d
082 1 4 _a814/تون
100 1 _aالتونسي، بيرم
245 1 0 _aالسيد ومراته في باريس ذهاب ..وعودة /
264 1 _aالقاهرة :
_bمكتبة جزيرة الورد،
_c2011.
300 _a214ص.
650 1 7 _aالادب العربي
650 1 7 _aالنثر
650 1 7 _aتونس
700 1 _aرامز، محمد
_eمقدم
942 _2ddc
_cBK
999 _c124275
_d124275